Élimination des pays (niveau 1) - Statistiques

Statistiques générales
  • Ce quiz a été pris 1 423 fois
  • Le résultat moyen est 65 sur 80
Statistiques - réponses
Question Tuile Select % Correct
Pays qui n'est pas en Europe... Allemagne Non
99%
Pays qui n'est pas en Europe... Espagne Non
99%
Pays qui n'est pas en Europe... Monaco Non
99%
Pays qui n'est pas en Europe... Ukraine Non
97%
Pays qui n'est pas en Europe... Biélorussie Non
96%
Pays qui n'est pas en Europe... Canada Oui
95%
...dans le top 10 des pays par superficie les plus grosses... Monaco Non
94%
...où la CO-VID 19 a commencée. Argentine Non
93%
...où la CO-VID 19 a commencée. Madagascar Non
93%
...où la CO-VID 19 a commencée. Monaco Non
93%
...où la CO-VID 19 a commencée. Somalie Non
93%
Pays qui n'est pas en Europe... Afrique du Sud Oui
92%
...qui est complètement au dessus de l'équateur... Afrique du Sud Non
92%
...où la CO-VID 19 a commencée. Afrique du Sud Non
92%
...où la CO-VID 19 a commencée. Algérie Non
92%
...où la CO-VID 19 a commencée. Allemagne Non
92%
Pays qui n'est pas en Europe... Argentine Oui
92%
...où la CO-VID 19 a commencée. Biélorussie Non
92%
...où la CO-VID 19 a commencée. Canada Non
92%
Pays qui n'est pas en Europe... Chine Oui
92%
...où la CO-VID 19 a commencée. Égypte Non
92%
...où la CO-VID 19 a commencée. Espagne Non
92%
Pays qui n'est pas en Europe... Inde Oui
92%
...où la CO-VID 19 a commencée. Iran Non
92%
...où la CO-VID 19 a commencée. Kazakhstan Non
92%
...dans le top 10 des pays par superficie les plus grosses... Somalie Non
92%
...où la CO-VID 19 a commencée. Ukraine Non
92%
Pays qui n'est pas en Europe... Algérie Oui
91%
...dans le top 10 des pays par superficie les plus grosses... Biélorussie Non
91%
Pays qui n'est pas en Europe... Égypte Oui
91%
...dans le top 10 des pays par superficie les plus grosses... Espagne Non
91%
...où la CO-VID 19 a commencée. Inde Non
91%
Pays qui n'est pas en Europe... Iran Oui
91%
Pays qui n'est pas en Europe... Madagascar Oui
91%
...dans le top 10 des pays par superficie les plus grosses... Madagascar Non
91%
...dans le top 10 des pays par population les plus grandes... Monaco Non
91%
Pays qui n'est pas en Europe... Somalie Oui
91%
...qui est complètement au dessus de l'équateur... Argentine Non
90%
...dans le top 10 des pays par population les plus grandes... Biélorussie Non
90%
...où la CO-VID 19 a commencée. Chine Oui
90%
...qui est complètement au dessus de l'équateur... Madagascar Non
90%
...dans le top 10 des pays par population les plus grandes... Madagascar Non
90%
...qui est complètement au dessus de l'équateur... Canada Oui
89%
...dans le top 10 des pays par population les plus grandes... Ukraine Non
89%
...dans le top 10 des pays par superficie les plus grosses... Canada Oui
88%
Pays qui n'est pas en Europe... Kazakhstan Oui
87%
...dans le top 10 des pays par population les plus grandes... Somalie Non
86%
...dans le top 10 des pays par population les plus grandes... Espagne Non
85%
...dans le top 10 des pays par population les plus grandes... Kazakhstan Non
85%
...dans le top 10 des pays par superficie les plus grosses... Égypte Non
82%
...dans le top 10 des pays par superficie les plus grosses... Afrique du Sud Non
81%
...dans le top 10 des pays par population les plus grandes... Algérie Non
81%
...dans le top 10 des pays par superficie les plus grosses... Allemagne Non
81%
...dans le top 10 des pays par superficie les plus grosses... Iran Non
80%
...dans le top 10 des pays par population les plus grandes... Argentine Non
78%
...dans le top 10 des pays par superficie les plus grosses... Ukraine Non
78%
...dans le top 10 des pays par population les plus grandes... Afrique du Sud Non
77%
...dans le top 10 des pays par population les plus grandes... Chine Oui
77%
...dans le top 10 des pays par population les plus grandes... Iran Non
77%
...qui est complètement au dessus de l'équateur... Somalie Non
76%
...dans le top 10 des pays par superficie les plus grosses... Chine Oui
75%
...dans le top 10 des pays par population les plus grandes... Allemagne Non
73%
...dans le top 10 des pays par population les plus grandes... Égypte Non
73%
...qui est complètement au dessus de l'équateur... Kazakhstan Oui
70%
...qui est complètement au dessus de l'équateur... Chine Oui
65%
...dans le top 10 des pays par population les plus grandes... Inde Oui
64%
...dans le top 10 des pays par population les plus grandes... Canada Non
62%
...qui est complètement au dessus de l'équateur... Algérie Oui
60%
...dans le top 10 des pays par superficie les plus grosses... Argentine Non
60%
...qui est complètement au dessus de l'équateur... Égypte Oui
60%
...dans le top 10 des pays par superficie les plus grosses... Algérie Non
58%
...qui est complètement au dessus de l'équateur... Iran Oui
57%
...dans le top 10 des pays par superficie les plus grosses... Inde Oui
51%
...dans le top 10 des pays par superficie les plus grosses... Kazakhstan Oui
51%
...qui est complètement au dessus de l'équateur... Inde Oui
41%
...qui est complètement au dessus de l'équateur... Espagne Non
37%
...qui est complètement au dessus de l'équateur... Monaco Non
35%
...qui est complètement au dessus de l'équateur... Ukraine Non
35%
...qui est complètement au dessus de l'équateur... Biélorussie Non
34%
...qui est complètement au dessus de l'équateur... Allemagne Non
33%
Aucun quiz correspondant
Distribution des résultats
% des personnes avec chaque résultat
Percentile par nombre de réponses
Votre historique - résultats
Vous n’avez pas pris ce quiz